000 00419nam a2200169Ia 4500
008 230711s9999||||xx |||||||||||||| ||und||
020 _a978-0-262-56023-8
041 _aENG
082 _a720
_bFI-U
100 _aFisherman,Robert
245 0 _aUrban Utopias in the Twnetieth Century :
250 _a1st Ed.
260 _c1982
_aChina
_bThe MIT Press Books
300 _a332p.
650 _aArchitecture
942 _cBK
999 _c6801
_d6801